01458cam a2200313 4500001001300000003000400013005001700017008004100034010001700075025001900092040001800111043001200129050002300141082002000164111008600184245007000270250001400340260006400354300004400418350001000462500031000472504004100782504008900823650002600912650003800938700002900976710006801005710007101073sa 68014383 DLC20260227112631.0700212s1968 bg ac b 100 0 eng  asa 68014383  aPL480:EP-E-504 aDLCcDLCdDLC aa-bg---00aJS45b.I56 1967 aa00a352/.008/0954922 aInternational Conference on Municipal Administrationd(1967 :cDhaka, Bangladesh)10aProblems of municipal administration.cEditor: M. A. Husain Khan. a[1st ed.] aDacca,bNational Institute of Public Administrationc[1968] aiii, iv, 304 p.billus., ports.c24 cm. a16.00 a"Collected papers presented and circulated in the conference on the problems of municipal administration, held under the joint sponsorship of the National Institute of Public Administration and Basic Democracies & Local Government Department, Government of East Pakistan, Dacca, from May 29-June 1, 1967." aIncludes bibliographical references. a"Bibliography on municipal government and administration in Pakistan": p. [245]-260. 0aMunicipal government. 0aMunicipal governmentzBangladesh.1 aHusain Khan, M. A.,eed.2 aNational Institute of Public Administration, Dacca, Bangladesh.1 aEast Pakistan.bBasic Democracies and Local Government Department.